000 00420nam a2200181Ia 4500
005 20250603145109.0
008 250603s9999 xx 000 0 und d
020 _a9789381714034
050 _aQM 601 .S53/
100 _aSiddiqui, Laiq Hussain
245 0 _aHuman Embryology
250 _a2nd International ed.
260 _aNew Delhi
260 _c2012
300 _a340 p
650 _aNew Delhi
942 _cBK
999 _c40862
_d40862